000
00183 a2200097 4500
020
_a
9780836847628
041
_a
spa
100
_a
Brown, Jonatha A.
245
_a
Rosa Parks
942
_c
BK
999
_c
9967
_d
9967